Les îles et leur appartenance - Statistiques

Statistiques générales
  • Ce quiz a été pris 296 fois
    273 depuis la dernière actualisation
  • Le résultat moyen est 16 sur 21
Statistiques - réponses
Nom de l'île Pays % Correct
Tasmanie Australie
98%
Majorque Espagne
98%
Bora Bora France
97%
Bali Indonesie
96%
Hokkaido Japon
96%
Pâques Chili
94%
Capri Italie
94%
Long Island Etats Unis
93%
Maui Etats Unis
93%
île du Prince Edward Canada
88%
îles Féroé Danemark
86%
Santorin Grèce
84%
Phuket Thailande
84%
Fernando do Noronha Brésil
83%
Galapagos Equateur
77%
Isla Mujeres Mexique
68%
Bouvet Norvege
60%
Palawan Philippines
53%
Nosy Be Madagascar
31%
Gozo Malte
24%
Ambergris Caye Belize
10%
Aucun quiz correspondant
Distribution des résultats
% des personnes avec chaque résultat
Percentile par nombre de réponses
Votre historique - résultats
Vous n’avez pas pris ce quiz depuis la dernière actualisation